000 00326nam a2200133Ia 4500
005 20260328104326.0
008 260328s9999||||xx |||||||||||||| ||und||
100 _aPirenne, Henri
245 0 _aLas Ciudades de la edad media /
_cHenri Pirenne
260 _bAlianza
300 _a167 p.
650 _aEDAD MEDIA
942 _cBK
999 _c11544
_d11544